Manioshu : colección para diez mil generaciones /

Guardado en:
Detalles Bibliográficos
Autor principal: Cabezas García, Antonio (comp.)
Formato: Libro
Idioma:Español
Publicado: Madrid, España : Hiperión, 1980
Colección:(Poesía Hiperión ; 31)
Temas:
Etiquetas: Agrega una etiqueta
Sin etiquetas, Sé el primero en etiquetar este registro!

MARC

LEADER 00000nam^a2200000^a^4500
001 000042589
005 20250521000000.0
009 20260310085742.7
020 |a 84-7517-002-1 
037 |a Acervo ITESO - Biblioteca 
041 |a ESP 
082 |a 895. 6  |b CAB 
100 |a Cabezas García, Antonio  |e (comp.) 
245 1 0 |a Manioshu : colección para diez mil generaciones /  |c A. Cabezas (comp.) 
264 1 |a Madrid, España :  |b Hiperión,  |c 1980 
300 |a 219 p. 
336 |a texto  |b txt  |2 rdacontenido 
337 |a sin mediación  |b n  |2 rdamedio 
338 |a volumen  |b nc  |2 rdasoporte 
440 1 |a (Poesía Hiperión ;  |v 31) 
649 |a XX 
650 |a Literatura Japonesa -  |y Siglo VII 
650 |a Poesía Japonesa 
910 |a Fondo General 
920 |a Impresos - Libros 
930 |a Colección General 
940 |a Literatura 
905 |a 101 
901 |a 0425890100  |b IT1  |c LIT  |i 042589  |u 20250521 
902 |a https://opac.biblio.iteso.mx/vufind/Record/000042589